000
00212 a2200097 4500
001
47919
100
_a
Antonys S
245
_a
Soviet Affairs
260
_a
London
_b
Chatto & Windus Ltd
_c
090
_c
30914
_d
30914
942
_a
NUST-CAE
_c
M
_c
23241
999
_c
282992
_d
282992